Дело об изменении параграфов 1,3,7 и 9 положения о стипендиях, утвержденных 25 апреля 1880 года чинами артиллерии Одесского воен...

Доступно только в Электронных читальных залах Найти на картеНа карте
RUSMARC
00003973nmc2a22000003x 450
0010b2f7e28-7695-4e5f-98f2-59778b3cef86
00520191029213148.0
100##$a20180609l18831883k l0rusy0189 ca
1010#$arus
102##$aRU
2001#$aДело об изменении параграфов 1,3,7 и 9 положения о стипендиях, утвержденных 25 апреля 1880 года чинами артиллерии Одесского военного округа в гимназиях и реальных училищах Одесского учебного округа в память исполнившегося 19 февраля 1880 года 25-летия цраствования его императорского величества государя императора Александра II
$j23 ноября - 24 декабря 1883 г.
251##$cДело
300##$aДело
801#0$aRU
$bРГИА
$c20180609
$gRCR
801#1$aRU
$bГлавНИВЦ
$c20180609
$2rusmarc
801#2$aRU
$bПБ им. Б.Н. Ельцина
$c20191029
$gRCR
$2rusmarc
850##$aРГИА
852##$aРГИА
$eФедеральное казенное учреждение "Российский государственный исторический архив" (РГИА)
$j144
937##$hРГИА
$d12230876
$aASBIBLIO_SCAN
462#0$10013f08f965-f02b-4101-ba00-0f1be0188a04
$12001
$aДела разряда средних учебных заведений Департамента народного просвещения за 1883-1897 гг.
$1251
$cОпись
$1852
$j165
461#0$1001a74412a3-3cc5-4d21-8f0a-dfe2fbd9e72d
$12001
$aДепартамент народного просвещения Министерства народного просвещения (1803-1917)
$1251
$cФонд
$1852
$j733
215##$a8 л.
$d36,5х26 см
371##$aДокумент не является опубликованным и широко распространяемым
105##$ay###
1222#$ad
035##$a0b2f7e28-7695-4e5f-98f2-59778b3cef86
856##$uhttp://readingroom.main.prlib.ru/item.aspx?id_node=n134020941&mode=full
Формат отображения